| 000 | 00409nam a2200145Ia 4500 | ||
|---|---|---|---|
| 008 | 151021s9999 xx 000 0 und d | ||
| 020 | _a538087005 | ||
| 050 | _aHB172.5.B681982 | ||
| 245 | _a_Macroeconomics The Dynamics of Theory and policies | ||
| 260 | _aus south-Western 1984 | ||
| 300 | _axii,548.:ill. | ||
| 500 | _aIncludes index | ||
| 650 | _a_Economics | ||
| 980 | _a^d20101207 02:46:48^okilerai | ||
| 999 |
_c5479 _d5479 |
||